000
00346 a2200157 4500
001
153466
020
_a
8504007847
040
_c
Escola São Tomás de Aquino
100
_a
MACEDO, Joaquim Manuel
240
1
0
_a
A moreninha
_l
por
245
1
0
_a
A moreninha
300
_a
144
362
0
_a
2004
697
_a
LITERATURA BRASILEIRA
942
_c
BK
999
_c
153466
_d
153466